Reyes de las montañas : (Registro nro. 37978)

Detalles MARC
000 -CABECERA
Longitud fija campo de control 01229nam a22003135a 4500
003 - • IDENTIFICADOR DELl NÚMERO DE CONTROL
Identificador del número de control CO-ViMGA
005 - • FECHA Y HORA DE LA ÚLTIMA TRANSACCIÓN
Fecha y hora de la última transacción 20230915234538.0
008 - • CÓDIGOS DE INFORMACIÓN DE LONGITUD FIJA
Códigos de información de longitud fija 160914s2016 ck gr 000 0 spa d
020 ## - • NÚMERO INTERNACIONAL NORMALIZADO PARA LIBROS
Número Internacional Normalizado para Libros (ISBN) 9789588984025
040 ## - FUENTE DE LA CATALOGACIÓN
Centro catalogador de origen CO-ViMGA
Lengua de catalogación spa
Centro transcriptor CO-ViMGA
043 ## - CÓDIGO DE ÁREA GEOGRÁFICA
Código de área geográfica s-ck---
082 04 - • NÚMERO DE LA CLASIFICACIÓN DECIMAL DEWEY
Número de clasificación (R) 796.6
Número del ítem R35r
100 1# - • PUNTO DE ACCESO PRINCIPAL-NOMBRE DE PERSONA
Nombre de persona Rendell, Matt,
Fechas asociadas al nombre 1965-
245 10 - • TITULO PROPIAMENTE DICHO
Título Reyes de las montañas :
Resto del título de cómo los héroes del ciclismo colombiano incidieron en la historia del país /
Mención de responsabilidad, etc. Matt Rendell ; traducción de Juan Manuel Pombo Abondano.
300 ## - • DESCRIPCIÓN FÍSICA
Extensión 342 páginas ;
Dimensiones 23 cm.
490 1# - • MENCIÓN DE SERIE
Mención de serie Colección Carácter
600 04 - • PUNTO DE ACCESO ADICIONAL DE MATERIA - NOMBRE DE PERSONA
Nombre de persona Cochise,
Fechas asociadas al nombre 1942-
Subdivisión de forma (R ) Biografías.
600 14 - • PUNTO DE ACCESO ADICIONAL DE MATERIA - NOMBRE DE PERSONA
Nombre de persona Botero, Santiago,
Fechas asociadas al nombre 1972-
Subdivisión de forma (R ) Biografías.
600 14 - • PUNTO DE ACCESO ADICIONAL DE MATERIA - NOMBRE DE PERSONA
Nombre de persona Forero, Efraín,
Fechas asociadas al nombre 1930-
Subdivisión de forma (R ) Biografías.
600 14 - • PUNTO DE ACCESO ADICIONAL DE MATERIA - NOMBRE DE PERSONA
Nombre de persona Herrera Herrera, Luis Alberto,
Fechas asociadas al nombre 1961-
Subdivisión de forma (R ) Biografías.
600 14 - • PUNTO DE ACCESO ADICIONAL DE MATERIA - NOMBRE DE PERSONA
Nombre de persona Parra, Fabio,
Fechas asociadas al nombre 1959-
Subdivisión de forma (R ) Biografías.
650 14 - • PUNTO DE ACCESO ADICIONAL DE MATERIA - TÉRMINO DE MATERIA
Término de materia o nombre geográfico como elemento inicial Ciclismo
Subdivisión geográfica Colombia.
650 14 - • PUNTO DE ACCESO ADICIONAL DE MATERIA - TÉRMINO DE MATERIA
Término de materia o nombre geográfico como elemento inicial Ciclistas colombianos
Subdivisión de forma Biografías.
650 14 - • PUNTO DE ACCESO ADICIONAL DE MATERIA - TÉRMINO DE MATERIA
Término de materia o nombre geográfico como elemento inicial Ciclistas colombianos
Subdivisión de forma Entrevistas.
700 1# - • PUNTO DE ACCESO ADICIONAL - NOMBRE DE PERSONA
Nombre de persona Pombo Abondano, Juan Manuel,
Término indicativo de función traductor.
942 ## - ENTRADA DE ELEMENTOS AGREGADOS (KOHA)
Fuente de clasificaión o esquema Dewey Decimal Classification
Koha [por defecto] tipo de item LIbro
Existencias
Perdido Fuente de clasificación o esquema Estado Físico No para préstamo Forma de adquisición Localización permanente Localización actual Fecha adquisición Préstamos totales Signatura completa Código de barras Fecha última consulta Fecha del precio de reemplazo Tipo de item de Koha
  Dewey Decimal Classification     Sala General Segundo Piso Biblioteca Pública Germán Arciniegas - Villavicencio Biblioteca Pública Germán Arciniegas - Villavicencio 05/23/2017   796.6 R35r 032183 05/23/2017 05/23/2017 LIbro









Instituto Departamental de Cultura del Meta - Red Departamental de Bibliotecas Públicas del Meta.